Assessment of student learning 1 & 2 / (Record no. 496)

MARC details
000 -LEADER
fixed length control field 00744nam a22002057a 4500
005 - DATE AND TIME OF LATEST TRANSACTION
control field 20230607021012.0
008 - FIXED-LENGTH DATA ELEMENTS--GENERAL INFORMATION
fixed length control field 230109b |||||||| |||| 00| 0 eng d
020 ## - INTERNATIONAL STANDARD BOOK NUMBER
International Standard Book Number 978-971-0391-67-7
082 ## - DEWEY DECIMAL CLASSIFICATION NUMBER
Classification number Fil. 371.26 D365 2011
100 ## - MAIN ENTRY--PERSONAL NAME
Personal name Del Socorro, Felicidad R.
Relator term author
245 ## - TITLE STATEMENT
Title Assessment of student learning 1 & 2 /
Statement of responsibility, etc. Felicidad R. Del Socorro, Roberta L. Omas-as, Rebecca S. Galela
260 ## - PUBLICATION, DISTRIBUTION, ETC.
Place of publication, distribution, etc. Quezon City:
Name of publisher, distributor, etc. Great Books Publishing,
Date of publication, distribution, etc. c2011.
300 ## - PHYSICAL DESCRIPTION
Extent xi, 150p.:
Other physical details ill.
504 ## - BIBLIOGRAPHY, ETC. NOTE
Bibliography, etc. note Includes bibliographies
541 ## - IMMEDIATE SOURCE OF ACQUISITION NOTE
Accession number 3600 c.1, 3601 c.2, 3602 c.3,
650 ## - SUBJECT ADDED ENTRY--TOPICAL TERM
Topical term or geographic name entry element Educational evaluation
650 ## - SUBJECT ADDED ENTRY--TOPICAL TERM
Topical term or geographic name entry element Educational tests and measurements
700 ## - ADDED ENTRY--PERSONAL NAME
Personal name Omas-as, Roberta L.
Relator term author
700 ## - ADDED ENTRY--PERSONAL NAME
Personal name Galela, Rebecca S.
Relator term author
Holdings
Withdrawn status Lost status Source of classification or shelving scheme Damaged status Not for loan Home library Current library Date acquired Total Checkouts Full call number Barcode Date last seen Copy number Price effective from Koha item type
    Dewey Decimal Classification     ctu-moalboal ctu-moalboal 06/17/2014   Fil. 371.26 D365 2011 3600 01/09/2023 1 01/09/2023 Books-Filipiniana
    Dewey Decimal Classification     ctu-moalboal ctu-moalboal 06/17/2014   Fil. 371.26 D365 2011 3601 01/09/2023 2 01/09/2023 Books-Filipiniana
    Dewey Decimal Classification     ctu-moalboal ctu-moalboal 06/17/2014   Fil. 371.26 D365 2011 3602 01/09/2023 3 01/09/2023 Books-Filipiniana